| 000 | 00553nam a2200229 a 4500 | ||
|---|---|---|---|
| 001 | nice12345678 | ||
| 003 | IN_TiNIC | ||
| 005 | 20260116014313.0 | ||
| 008 | 080222s2006 dela grp 000 0 eng | ||
| 020 |
_a _c25 |
||
| 082 | 0 | 0 |
_a340.115 _bMAT1 |
| 100 | _aMathew, P D | ||
| 245 | _aPublic Interest Litigation | ||
| 260 |
_aDelhi _bIndian Social Institute _c2006 |
||
| 300 | _a53p | ||
| 500 | _aincludes index and biblioraphy | ||
| 650 | _aLaw-Social Sience | ||
| 700 | 1 | _aMathew, P D | |
| 902 | _bSRS | ||
| 942 | _cBK | ||
| 999 |
_c14723 _d14723 |
||